000 00496nam a2200157 a 4500
001 000047603
005 20230519124900.0
008 180704s2017 dr 000 spa d
020 _a9789945902099
040 _aDO-SdBNP
_aspa
_cBNPHU
100 1 _aRosa, J. A., de la
_975238
245 0 _aCuando el silencio tiembla. /
_cJ. A. de la Rosa.
260 _aTenares, Provincia Hermanas Mirabal, República Dominicana :
_bBúho,
_c2017.
300 _a381 p. ;
_c24 cm.
590 _aInventariado, 2018/DG
999 _c47091
_d47091